Central Library OPAC University of Rajshahi

অবিচার : (Record no. 48533)

MARC details
000 -LEADER
fixed length control field 00802nam a22002297a 4500
001 - CONTROL NUMBER
control field 48533
003 - CONTROL NUMBER IDENTIFIER
rucl marc code BD-RjUL
005 - DATE AND TIME OF LATEST TRANSACTION
control field 20211209054535.0
008 - FIXED-LENGTH DATA ELEMENTS--GENERAL INFORMATION
fixed length control field 160814r19731958bg ||||| |||| 00| 0 ben d
020 ## - INTERNATIONAL STANDARD BOOK NUMBER
Terms of availability : TK 3.00
035 ## - SYSTEM CONTROL NUMBER
System control number (BD-RjUL)48652
040 ## - CATALOGING SOURCE
Original cataloging agency BD-RjUL
Language of cataloging ben
Transcribing agency BD-RjUL
041 ## - LANGUAGE CODE
Language code of text/sound track or separate title ben
082 ## - DEWEY DECIMAL CLASSIFICATION NUMBER
Edition number 23
Classification number 891.442
Author mark and year BIO 1973
100 ## - MAIN ENTRY--PERSONAL NAME
Personal name বিশ্বাস, প্রসাদ
9 (RLIN) 145994
245 10 - TITLE STATEMENT
Title অবিচার :
Remainder of title নাটক /
Statement of responsibility, etc. প্রসাদ বিশ্বাস
260 ## - PUBLICATION, DISTRIBUTION, ETC. (IMPRINT)
Place of publication, distribution, etc. বগুড়া :
Name of publisher, distributor, etc. সাহিত্য কু|টির,
Date of publication, distribution, etc. ১৯৫৮ [মুদ্রণ ১৯৭৩]
300 ## - PHYSICAL DESCRIPTION
Pagination ১১২ পৃ. ;
Size ১৭ সেমি.
650 ## - SUBJECT ADDED ENTRY--TOPICAL TERM
Topical term or geographic name as entry element বাংলা নাটক
9 (RLIN) 146695
Topical term or geographic name as entry element Bengali Drama
9 (RLIN) 146696
942 ## - ADDED ENTRY ELEMENTS (KOHA)
Source of classification or shelving scheme Dewey Decimal Classification
Koha item type Books
Holdings
Lost status Source of classification or shelving scheme Damaged status Not for loan Collection code Permanent Location Current Location Shelving location Date acquired Source of acquisition Cost, normal purchase price Total Checkouts Full call number Date last seen Copy number Koha item type
  Dewey Decimal Classification     Non-fiction Central Library, University of Rajshahi Central Library, University of Rajshahi   06/03/1977 Eureka Book Accademi 3.00   B 891.442 BIO 1973 14/08/2016 C-2 Books
  Dewey Decimal Classification     Non-fiction Central Library, University of Rajshahi Central Library, University of Rajshahi   06/03/1977 Eureka Book Accademi 3.00   B 891.442 BIO 1973 14/08/2016 C-3 Books